Girl /

Đã lưu trong:
Chi tiết về thư mục
Tác giả chính: Hadjadj, Valentin (Nhà soạn nhạc)
Tác giả khác: Eeden, Frank : van den (Nhiếp ảnh gia), Dhont, Lukas (Giám đốc, Người viết kịch bản), Polster, Victor (Diễn viên), Worthalter, Arieh (Diễn viên), Bodart, Oliver (Diễn viên), Govaerts, Tijmen (Diễn viên), Damen, Katelijne (Diễn viên), Tijssens, Angelo (Người viết kịch bản)
Định dạng: Slide
Ngôn ngữ:Tiếng Italy
Tiếng Pháp
Được phát hành: Campi Bisenzio : CG Entertainment, c2019
Các nhãn: Thêm thẻ
Không có thẻ, Là người đầu tiên thẻ bản ghi này!

MARC

LEADER 00000ngm a22000007i 4500
001 IT\ICCU\LO1\1740572
003 ItRI
005 20260124182808.0
008 190308s2019 it |||||||||||||||k|||||c
024 3 1 |a 8057092025970 
028 4 2 |a PSV21929  |b Cecchi Gori 
040 |b ita 
041 7 |a ita  |a fre  |2 ISO-639-2 
082 |a 791.43  |9 CINEMA  |2 21 
130 0 |a Girl <film ; 2018>  |3 IT\ICCU\LO1\1740574 
245 0 0 |a Girl /  |c un film di Lukas Dhont ; sceneggiatura: Lukas Dhont, Angelo Tijssens ; Produttore: Dirk Impens ; Fotografia: Frank van den Eeden ; musica: Valentin Hadjadj ; Interpreti: Victor Polster, Arieh Worthalter, Oliver Bodart, Tijmen Govaerts, Katelijne Damen ... [et al.]. 
260 |a Campi Bisenzio :  |b CG Entertainment,  |c c2019 
300 |a 1 DVD-Video (102 min) :  |b color., sonoro ;  |c in contenitore, 19 cm 
500 |a Caratteristiche tecniche: codice area 2; sistema e formato video: PAL, 16/9, 1.66:1; formato audio: Dolby digital 5.1, 2.0 
500 |a Titolo del contenitore 
500 |a Film del 2018, produzione Belgio 
500 |a Lingue: italiano, originale; sottotitoli: italiano, italiano per non udenti 
700 1 |a Eeden, Frank : van den  |0 IT\ICCU\DDSV\357511  |4 pht 
700 1 |a Dhont, Lukas  |0 IT\ICCU\LO1V\464249  |4 drt 
700 1 |a Dhont, Lukas  |0 IT\ICCU\LO1V\464249  |4 sce 
700 1 |a Polster, Victor  |0 IT\ICCU\LO1V\464251  |4 act 
700 1 |a Worthalter, Arieh  |0 IT\ICCU\LO1V\464253  |4 act 
700 1 |a Bodart, Oliver  |0 IT\ICCU\LO1V\464255  |4 act 
700 1 |a Govaerts, Tijmen  |0 IT\ICCU\LO1V\464257  |4 act 
700 1 |a Damen, Katelijne  |0 IT\ICCU\LO1V\464259  |4 act 
700 1 |a Tijssens, Angelo  |0 IT\ICCU\RMBV\290890  |4 sce 
700 1 |a Hadjadj, Valentin  |0 IT\ICCU\RT1V\027576  |4 cmp 
710 2 |a CG Entertainment  |0 IT\ICCU\DDSV\039619  |4 pbl 
791 2 |a Cecchi Gori Entertainment  |3 IT\ICCU\DDSV\353142  |z CG Entertainment 
791 2 |a CG Home Video  |3 IT\ICCU\MODV\664430  |z CG Entertainment 
791 2 |a Cecchi Gori Home Video  |3 IT\ICCU\MODV\664431  |z CG Entertainment 
791 2 |a Cecchi Gori Home Group  |3 IT\ICCU\MODV\664432  |z CG Entertainment 
791 2 |a Cecchi Gori Editoria Elettronica Home video  |3 IT\ICCU\MODV\664433  |z CG Entertainment 
942 |2 ddc  |c VM  |n 0 
952 |0 0  |1 0  |4 0  |6 VO_2376_000000000000000  |7 0  |9 26399  |a BO  |b BO  |d 2026-01-24  |i 19173  |l 0  |o VO 2376  |p BO19173  |r 2026-01-24 18:28:08  |w 2026-01-24  |x [Sebina 5] [1 dvd]  |y VM  |z 1 dvd 
999 |c 22312  |d 22312